[Event "OP-2023-0-05383"]
[Site "LSS email"]
[Date "2023.02.26"]
[Round "?"]
[White "Vodicka, Milan"]
[Black "Pauk, Jozef"]
[Result "1-0"]
[WhiteElo "2074"]
[BlackElo "706"]
[PlyCount "53"]
[EventDate "2023.02.19"]
[EventType "tourn (corr)"]
[EventRounds "4"]
[EventCountry "GER"]
[SourceTitle "Corr 2024"]
[Source "ChessBase"]
[SourceDate "2023.10.19"]
[SourceVersion "1"]
[SourceVersionDate "2023.10.19"]
[SourceQuality "1"]

1. e4 e5 2. Nf3 Nc6 3. Bc4 d6 4. d4 Bg4 5. c3 Nf6 6. Bb5 Nxe4 7. d5 a6 8. Be2 Ne7 9. Qa4+ c6 10. dxc6 Nxc6 11. Qxe4 h5 12. c4 g6 13. 0-0 Bg7 14. Nc3 0-0 15. Be3 Bf5 16. Qd5 Be6 17. Qd2 Na5 18. b3 e4 19. Nxe4 d5 20. Nc5 Bxa1 21. Rxa1 b6 22. Bg5 Qc7 23. Bf6 Kh7 24. Ng5+ Kg8 25. Bxh5 gxh5 26. Nf3 Kh7 27. Qg5 1-0

[Event "OP-2023-0-05383"]
[Site "LSS email"]
[Date "2023.02.26"]
[Round "?"]
[White "Vodicka, Milan"]
[Black "Wiaderek, Piotr"]
[Result "1/2-1/2"]
[WhiteElo "2074"]
[BlackElo "2026"]
[PlyCount "39"]
[EventDate "2023.02.19"]
[EventType "tourn (corr)"]
[EventRounds "4"]
[EventCountry "GER"]
[SourceTitle "Corr 2024"]
[Source "ChessBase"]
[SourceDate "2023.10.19"]
[SourceVersion "1"]
[SourceVersionDate "2023.10.19"]
[SourceQuality "1"]

1. d4 d5 2. c4 e6 3. Nc3 Nf6 4. Nf3 Nbd7 5. Bg5 h6 6. Bh4 Be7 7. e3 0-0 8. Rc1 dxc4 9. Bxc4 a6 10. a4 c5 11. 0-0 cxd4 12. exd4 Nb6 13. Bb3 Bd7 14. Ne5 Bc6 15. Bc2 Nbd5 16. Nxd5 Bxd5 17. Bxf6 Bxf6 18. Qd3 Re8 19. Qh7+ Kf8 20. Be4 1/2-1/2

[Event "OP-2023-0-05368"]
[Site "LSS email"]
[Date "2023.01.16"]
[Round "?"]
[White "Vodicka, Milan"]
[Black "Swiatek, Janusz"]
[Result "1/2-1/2"]
[WhiteElo "2067"]
[BlackElo "2081"]
[PlyCount "33"]
[EventDate "2022.12.31"]
[EventType "tourn (corr)"]
[EventRounds "4"]
[EventCountry "GER"]
[SourceTitle "Corr 2024"]
[Source "ChessBase"]
[SourceDate "2023.10.19"]
[SourceVersion "1"]
[SourceVersionDate "2023.10.19"]
[SourceQuality "1"]

1. d4 Nf6 2. c4 e6 3. Nf3 d5 4. Nc3 c5 5. cxd5 Nxd5 6. e4 Nxc3 7. bxc3 cxd4 8. cxd4 Bb4+ 9. Bd2 Bxd2+ 10. Qxd2 0-0 11. Rc1 Nc6 12. Bb5 Bd7 13. 0-0 Ne5 14. Be2 Nxf3+ 15. Bxf3 Rc8 16. Rxc8 Qxc8 17. Rc1 1/2-1/2

[Event "OP-2022-0-05360"]
[Site "LSS email"]
[Date "2022.12.10"]
[Round "?"]
[White "Alain, Haim"]
[Black "Vodicka, Milan"]
[Result "0-1"]
[WhiteElo "1700"]
[BlackElo "2053"]
[PlyCount "58"]
[EventDate "2022.11.24"]
[EventType "tourn (corr)"]
[EventRounds "4"]
[EventCountry "GER"]
[SourceTitle "Corr 2024"]
[Source "ChessBase"]
[SourceDate "2023.10.19"]
[SourceVersion "1"]
[SourceVersionDate "2023.10.19"]
[SourceQuality "1"]

1. d4 d5 2. c4 c6 3. Nf3 Nf6 4. Nc3 e6 5. e3 Nbd7 6. Qc2 Bd6 7. Bd3 0-0 8. 0-0 dxc4 9. Bxc4 b5 10. Be2 Re8 11. Rd1 Qc7 12. e4 e5 13. g3 a6 14. a3 h6 15. b4 exd4 16. Nxd4 Nb6 17. Bb2 Bh3 18. Nf3 c5 19. bxc5 Bxc5 20. Rac1 Rac8 21. Bf1 Bxf1 22. Kxf1 Qa7 23. Re1 Ng4 24. Re2 Bxf2 25. Qb1 Be3 26. Rd1 Bc5 27. Rde1 Bxa3 28. h3 Bxb2 29. Qxb2 Nc4 0-1

[Event "OP-2022-0-05360"]
[Site "LSS email"]
[Date "2022.12.10"]
[Round "?"]
[White "Cerne, Peter"]
[Black "Vodicka, Milan"]
[Result "1/2-1/2"]
[WhiteElo "1753"]
[BlackElo "2053"]
[PlyCount "58"]
[EventDate "2022.11.24"]
[EventType "tourn (corr)"]
[EventRounds "4"]
[EventCountry "GER"]
[SourceTitle "Corr 2024"]
[Source "ChessBase"]
[SourceDate "2023.10.19"]
[SourceVersion "1"]
[SourceVersionDate "2023.10.19"]
[SourceQuality "1"]

1. e4 e5 2. Nf3 Nc6 3. Bc4 Bc5 4. c3 Nf6 5. b4 Bb6 6. d3 d6 7. Nbd2 0-0 8. a4 a5 9. b5 Ne7 10. 0-0 Ng6 11. Ba3 h6 12. d4 Bg4 13. Qc2 Re8 14. h3 Bh5 15. Rfe1 Nf4 16. Bf1 Rc8 17. Rac1 exd4 18. cxd4 Bg6 19. g3 Ne6 20. Qc3 d5 21. exd5 Nxd5 22. Qc4 c6 23. Bc5 Bxc5 24. dxc5 Nb4 25. Nb3 Bd3 26. Bxd3 Qxd3 27. Ne5 Qxc4 28. Rxc4 cxb5 29. axb5 Nd5 1/2-1/2

[Event "OP-2022-0-05360"]
[Site "LSS email"]
[Date "2022.12.10"]
[Round "?"]
[White "Vodicka, Milan"]
[Black "Correa de Almeida, Claudio"]
[Result "1-0"]
[WhiteElo "2053"]
[BlackElo "1439"]
[PlyCount "109"]
[EventDate "2022.11.24"]
[EventType "tourn (corr)"]
[EventRounds "4"]
[EventCountry "GER"]
[SourceTitle "Corr 2024"]
[Source "ChessBase"]
[SourceDate "2023.10.19"]
[SourceVersion "1"]
[SourceVersionDate "2023.10.19"]
[SourceQuality "1"]

1. e4 e5 2. Nf3 Nc6 3. Bc4 Bc5 4. c3 Nf6 5. d3 d6 6. 0-0 0-0 7. Nbd2 a5 8. h3 h6 9. Re1 a4 10. Bb5 Bd7 11. Nf1 Ne7 12. Bxd7 Nxd7 13. d4 Bb6 14. Qc2 exd4 15. cxd4 d5 16. e5 c5 17. Be3 cxd4 18. Bxd4 Nc6 19. Bxb6 Qxb6 20. Ne3 d4 21. Nf5 Ra5 22. e6 fxe6 23. Nxh6+ Kh8 24. Ng4 Qc5 25. Qg6 Qf5 26. Nh4 Qf7 27. Rxe6 Rh5 28. g3 Kg8 29. Rae1 Qxg6 30. Nxg6 Rc8 31. Rd6 Nc5 32. Kg2 Kh7 33. N6e5 Rd8 34. Rxd8 Nxd8 35. f4 Rf5 36. Nf3 Nc6 37. Nge5 Nxe5 38. Rxe5 Rxe5 39. Nxe5 b5 40. a3 g6 41. Kf3 Kg7 42. g4 Kf6 43. h4 Kg7 44. g5 Kh7 45. Kg4 Kg7 46. Kf3 Kh7 47. Ke2 Kg7 48. Nf3 Ne6 49. Kd3 Nxf4+ 50. Kxd4 Ne6+ 51. Kc3 Nf4 52. Kb4 Nd3+ 53. Kxb5 Nxb2 54. Ne5 Kh7 55. Nc4 1-0

[Event "OP-2022-0-05322"]
[Site "LSS email"]
[Date "2022.08.29"]
[Round "?"]
[White "Vodicka, Milan"]
[Black "Heiser, Jerome"]
[Result "1-0"]
[WhiteElo "2087"]
[BlackElo "658"]
[PlyCount "43"]
[EventDate "2022.08.25"]
[EventType "tourn (corr)"]
[EventRounds "4"]
[EventCountry "GER"]
[SourceTitle "Corr 2024"]
[Source "ChessBase"]
[SourceDate "2023.10.19"]
[SourceVersion "1"]
[SourceVersionDate "2023.10.19"]
[SourceQuality "1"]

1. e4 e5 2. Nf3 Nc6 3. Bc4 h6 4. d4 exd4 5. Nxd4 Nxd4 6. Qxd4 c5 7. Qd5 Qe7 8. Nc3 Nf6 9. Qd3 d6 10. Bf4 Be6 11. 0-0-0 Nh5 12. Bb5+ Bd7 13. Bxd6 Qg5+ 14. f4 Nxf4 15. Bxd7+ Kd8 16. Bxf4 Qxf4+ 17. Kb1 c4 18. Qxc4 Bd6 19. Rhf1 Qe5 20. Rxf7 g5 21. Bb5 Rc8 22. Rd7+ 1-0

[Event "OP-2022-0-05322"]
[Site "LSS email"]
[Date "2022.08.29"]
[Round "?"]
[White "Vodicka, Milan"]
[Black "Molina, Vicente Andres"]
[Result "1-0"]
[WhiteElo "2087"]
[BlackElo "835"]
[PlyCount "39"]
[EventDate "2022.08.25"]
[EventType "tourn (corr)"]
[EventRounds "4"]
[EventCountry "GER"]
[SourceTitle "Corr 2024"]
[Source "ChessBase"]
[SourceDate "2023.10.19"]
[SourceVersion "1"]
[SourceVersionDate "2023.10.19"]
[SourceQuality "1"]

1. e4 c6 2. d4 d5 3. e5 Bf5 4. Nf3 e6 5. Be2 h6 6. 0-0 Ne7 7. Be3 Nd7 8. a4 c5 9. c4 cxd4 10. Nxd4 Nxe5 11. cxd5 Bxb1 12. Bb5+ N5c6 13. dxc6 bxc6 14. Nxc6 Qxd1 15. Ne5+ Kd8 16. Nxf7+ Kc7 17. Rxd1 Bf5 18. Rd7+ Kb8 19. Bf4+ e5 20. Bxe5+ 1-0

[Event "WC-2022-S-00006"]
[Site "LSS email"]
[Date "2022.06.21"]
[Round "?"]
[White "Csaba, Fodor"]
[Black "Vodicka, Milan"]
[Result "1-0"]
[WhiteElo "2079"]
[BlackElo "2014"]
[PlyCount "105"]
[EventDate "2022.06.21"]
[EventType "tourn (corr)"]
[EventRounds "12"]
[EventCountry "GER"]
[SourceTitle "Corr 2024"]
[Source "ChessBase"]
[SourceDate "2023.10.19"]
[SourceVersion "1"]
[SourceVersionDate "2023.10.19"]
[SourceQuality "1"]

1. e4 e5 2. Nf3 Nc6 3. Bb5 Nge7 4. Nc3 Ng6 5. d4 exd4 6. Nxd4 Nxd4 7. Qxd4 c6 8. Be2 Qb6 9. Qd3 Be7 10. 0-0 d6 11. a4 0-0 12. a5 Qc7 13. f4 Rb8 14. b4 b6 15. Be3 bxa5 16. bxa5 Rd8 17. a6 Bf6 18. h3 d5 19. exd5 Qe7 20. f5 Ne5 21. d6 Rxd6 22. Qe4 Rd8 23. Ra4 Re8 24. Bf2 h6 25. Rd1 Qc7 26. Kh1 Bd7 27. Ra3 Qc8 28. Qf4 Bxf5 29. Bxa7 Ra8 30. Bg1 Bxc2 31. Rf1 Qe6 32. a7 Bg5 33. Qg3 Be7 34. Ra2 Bg6 35. Ra4 Bc2 36. Ra6 Bb4 37. Rc1 Bf5 38. Bf1 Qe7 39. Ra4 Bg6 40. Qf4 Ba3 41. Re1 Bc5 42. Ra5 Bd6 43. Na4 Kh7 44. Qd4 Bc7 45. Nb6 Bxb6 46. Qxb6 f6 47. Qb3 Qc7 48. Rea1 Be4 49. R1a4 Bg6 50. Qc3 Bf7 51. Ra1 Qd7 52. R5a4 Bd5 53. Rb4 1-0

[Event "WC-2022-S-00006"]
[Site "LSS email"]
[Date "2022.06.21"]
[Round "?"]
[White "Vodicka, Milan"]
[Black "Schleef, Harald"]
[Result "1/2-1/2"]
[WhiteElo "2014"]
[BlackElo "2052"]
[PlyCount "50"]
[EventDate "2022.06.21"]
[EventType "tourn (corr)"]
[EventRounds "12"]
[EventCountry "GER"]
[SourceTitle "Corr 2024"]
[Source "ChessBase"]
[SourceDate "2023.10.19"]
[SourceVersion "1"]
[SourceVersionDate "2023.10.19"]
[SourceQuality "1"]

1. d4 d5 2. c4 c6 3. Nf3 Nf6 4. Nc3 dxc4 5. a4 Bf5 6. e3 e6 7. Bxc4 Bb4 8. 0-0 Nbd7 9. Qe2 0-0 10. e4 Bg6 11. Bd3 h6 12. h3 Re8 13. Bf4 a6 14. Rac1 Qe7 15. Rfd1 Rad8 16. Bh2 Nf8 17. Bb1 N6d7 18. Qe3 Nf6 19. Na2 Ba5 20. Ne5 Bb6 21. Nc4 Ba7 22. Nc3 Qb4 23. Na2 Qe7 24. Nc3 Qb4 25. Na2 Qe7 1/2-1/2

[Event "OP-2022-0-05293"]
[Site "LSS email"]
[Date "2022.05.28"]
[Round "?"]
[White "Cerne, Peter"]
[Black "Vodicka, Milan"]
[Result "1/2-1/2"]
[WhiteElo "1587"]
[BlackElo "2040"]
[PlyCount "50"]
[EventDate "2022.05.28"]
[EventType "tourn (corr)"]
[EventRounds "4"]
[EventCountry "GER"]
[SourceTitle "Corr 2024"]
[Source "ChessBase"]
[SourceDate "2023.10.19"]
[SourceVersion "1"]
[SourceVersionDate "2023.10.19"]
[SourceQuality "1"]

1. e4 e5 2. Nf3 Nc6 3. Bb5 Nge7 4. Nc3 Ng6 5. d4 exd4 6. Nxd4 Nxd4 7. Qxd4 c6 8. Bc4 b5 9. Be2 b4 10. Na4 Be7 11. h4 h5 12. Bg5 Bxg5 13. hxg5 Qxg5 14. Qxg7 d6 15. Qd4 Bg4 16. Bxg4 Qxg4 17. Qxb4 Nf4 18. Kd2 Qg5 19. g3 Nd5+ 20. f4 Qxg3 21. exd5 Qg2+ 22. Kc3 Qf3+ 23. Kd2 Qg2+ 24. Kc3 Qf3+ 25. Kd2 Qg2+ 1/2-1/2

[Event "OP-2022-0-05292"]
[Site "LSS email"]
[Date "2022.05.26"]
[Round "?"]
[White "Vodicka, Milan"]
[Black "Molina, Vicente Andres"]
[Result "1-0"]
[WhiteElo "2036"]
[BlackElo "854"]
[PlyCount "43"]
[EventDate "2022.05.25"]
[EventType "tourn (corr)"]
[EventRounds "4"]
[EventCountry "GER"]
[SourceTitle "Corr 2024"]
[Source "ChessBase"]
[SourceDate "2023.10.19"]
[SourceVersion "1"]
[SourceVersionDate "2023.10.19"]
[SourceQuality "1"]

1. e4 c6 2. d4 d5 3. e5 Bf5 4. Nf3 h6 5. Nh4 Bh7 6. e6 Nf6 7. Bd3 Bxd3 8. Qxd3 Qd6 9. exf7+ Kxf7 10. 0-0 Ne4 11. f3 Ng5 12. f4 Ne4 13. f5 Qf6 14. Ng6 Rh7 15. Nd2 Nd7 16. Nxe4 dxe4 17. Qb3+ Ke8 18. Qg8 Qxd4+ 19. Kh1 Kd8 20. Nxf8 Nxf8 21. Qxf8+ Kc7 22. Bf4+ 1-0

[Event "LSS SA-2022-0-00797"]
[Site "LSS email"]
[Date "2022.05.02"]
[Round "?"]
[White "Vodicka, Milan"]
[Black "Ozen, Bahadir"]
[Result "1/2-1/2"]
[WhiteElo "1968"]
[BlackElo "2132"]
[PlyCount "37"]
[EventDate "2022.03.15"]
[EventType "tourn (corr)"]
[EventRounds "6"]
[EventCountry "GER"]
[SourceTitle "Corr 2024"]
[Source "ChessBase"]
[SourceDate "2023.10.19"]
[SourceVersion "1"]
[SourceVersionDate "2023.10.19"]
[SourceQuality "1"]

1. d4 Nf6 2. c4 e6 3. Nf3 d5 4. Nc3 Bb4 5. Bg5 h6 6. Bxf6 Qxf6 7. Qa4+ Nc6 8. e3 0-0 9. Be2 dxc4 10. 0-0 Bd7 11. Bxc4 Bxc3 12. bxc3 Rfd8 13. Be2 Be8 14. Qa3 Qe7 15. Qb2 b6 16. h3 Na5 17. Rfe1 c5 18. Rac1 Rac8 19. Ne5 1/2-1/2

[Event "OP-2022-0-05265"]
[Site "LSS email"]
[Date "2022.03.13"]
[Round "?"]
[White "Hoppe, Arnold"]
[Black "Vodicka, Milan"]
[Result "1-0"]
[WhiteElo "2071"]
[BlackElo "2074"]
[PlyCount "53"]
[EventDate "2022.03.04"]
[EventType "tourn (corr)"]
[EventRounds "4"]
[EventCountry "GER"]
[SourceTitle "Corr 2024"]
[Source "ChessBase"]
[SourceDate "2023.10.19"]
[SourceVersion "1"]
[SourceVersionDate "2023.10.19"]
[SourceQuality "1"]

1. Nf3 Nf6 2. c4 g6 3. d4 Bg7 4. Nc3 0-0 5. e4 d6 6. Be2 e5 7. 0-0 Nc6 8. d5 Ne7 9. b4 Nh5 10. Re1 Nf4 11. Bf1 h6 12. c5 g5 13. Nd2 f5 14. g3 Nfg6 15. a4 f4 16. Nc4 Kh7 17. Ba3 Ng8 18. a5 Rf7 19. Na4 Nf6 20. b5 Bf8 21. Ra2 Bg4 22. Qb3 Rg7 23. Rb2 dxc5 24. Nxc5 Bxc5 25. Bxc5 b6 26. Ba3 Qd7 27. Rc2 1-0

[Event "OP-2022-0-05269"]
[Site "LSS email"]
[Date "2022.03.13"]
[Round "?"]
[White "Vodicka, Milan"]
[Black "Correa de Almeida, Claudio"]
[Result "1-0"]
[WhiteElo "2074"]
[BlackElo "1422"]
[PlyCount "71"]
[EventDate "2022.03.10"]
[EventType "tourn (corr)"]
[EventRounds "4"]
[EventCountry "GER"]
[SourceTitle "Corr 2024"]
[Source "ChessBase"]
[SourceDate "2023.10.19"]
[SourceVersion "1"]
[SourceVersionDate "2023.10.19"]
[SourceQuality "1"]

1. e4 c5 2. Nf3 Nc6 3. Bb5 g6 4. 0-0 Bg7 5. c3 Nf6 6. Re1 0-0 7. h3 Qb6 8. Ba4 Rd8 9. d3 d5 10. e5 Nd7 11. d4 Nf8 12. dxc5 Qxc5 13. Nbd2 Ne6 14. Nb3 Qb6 15. Bxc6 bxc6 16. Be3 Qc7 17. Nc5 Rb8 18. b4 a5 19. bxa5 Qxa5 20. Nd4 Nxd4 21. cxd4 Bf5 22. a4 h5 23. g4 hxg4 24. hxg4 Bc8 25. Kg2 Rb2 26. Qc1 Rb8 27. Rh1 Qb4 28. Qd1 Qc4 29. Rc1 Qa2 30. Qf3 Rb2 31. Qh3 Re2 32. e6 Rxe3 33. Qxe3 Rf8 34. Nd7 Bxd7 35. exd7 Qxa4 36. Qxe7 1-0